| 000 | 00559nam a2200229Ia 4500 | ||
|---|---|---|---|
| 003 | OSt | ||
| 005 | 20230424100259.0 | ||
| 008 | 210423s2002 xx 000 0 und d | ||
| 020 | _a8176491519 | ||
| 040 | _cAL | ||
| 041 | _aeng | ||
| 082 | _a616.079 LYDP | ||
| 100 |
_aLYDYARD (P M);others. _991844 |
||
| 245 | _aInstant notes in immunology. | ||
| 250 | _a2 | ||
| 260 |
_aNew York _bTaylor & Francis _c2002 |
||
| 300 | _axi,332 | ||
| 365 |
_b375 _cINR |
||
| 650 |
_aImmunology _991845 |
||
| 906 | _aimmunology. ; Instant ; notes | ||
| 942 |
_2ddc _cBK |
||
| 999 |
_c162519 _d162519 |
||